MDQL
is popping MORE tags! Check the
thread
!
Quizzes
Events
Quiz Creation
Community
Videos
Private Events
Remove Ads
Sign In
Join for FREE
Feedback
Dark Mode
Quiz Categories
Sports
Geography
Music
Movies
Television
Just For Fun
Miscellaneous
History
Literature
Language
Science
Gaming
Entertainment
Religion
Holiday
For Kids
Quiz Lab
Recent
Popular Today
Quiz Kudos Today
Editor Picks
Curator Picks
Quizzes by...
Day
Popularity
Type
Ratings
Length
Year
Community
Subscriptions
Recent Discussions
Orange Saloon
Badges
Playlists
Quests
Create
Leaderboards
Showdown
Live 5
Trivia Bingo
Activity
Puzzle Library
Sporcle Events
Private Events
Virtual Trivia
Globe League
Become a Host
Pub Owners
SporcleCon
Opinionation
Our Games
Videos
Blog
Mobile Apps
Partnerships
Remove Ads and Go Orange
Feedback
Music
Pop Music
The Beatles
Song
Album
Lyrics
Bands
Singers
Artist
Clip
Rock
Rap
Classical
Billboard
Country Music
Kpop
Taylor Swift
Music
Pop Music
The Beatles
Song
Album
Lyrics
Bands
Singers
Artist
Clip
Rock
Rap
Classical
Billboard
Country Music
Kpop
Taylor Swift
Random Quiz
Search Sporcle
×
Quiz Lab
Quiz Lab
Music
Kpop
Click on answers out of a set of options
Click on answers out of a set of options
Multiple Choice
Best Score? Go Orange.
Kpop who do you stan? part 2 Stats
Can you choose the Kpop what do you stan??
By
shoempie
10m
25 Questions
471 Plays
471 Plays
471 Plays
Comments
Comments
Give Quiz Kudos
Give Quiz Kudos
-
- Ratings
hide this ad
Replay
Link that replays current quiz
Next Quiz
Link to next quiz in quiz playlist
You Got
0%
They Got
Avg Score
37%
Avg Friend Score
Upgrade to see
Score Distribution
Jump to the score distribution portion of the page
Score
0/25
Timer
10:00
0
Plays Today
Question
Answer
Wrong Answers
Apink
Like them
57.9%
I am Pink Panda
14.3%
Don't know them
7.4%
Not a fan
19.1%
Winner
Like them
57.7%
I am INNERCIRCLE
21.3%
Don't know them
4.7%
Not a fan
15.3%
CLC
Like them
54.7%
I am Cheshire
19.6%
Don't know them
5.3%
Not a fan
18.9%
IU
Like her
54.7%
I am Uaena
22.3%
Don't know her
3.6%
Not a fan
18.5%
Hyuna
Like her
53.4%
I am A-ing
22.6%
Don't know her
2.3%
Not a fan
20.6%
Miss A
Like them
50.2%
I am Say A
7.9%
Don't know them
12.8%
Not a fan
27.9%
Wonder Girls
Like them
50.2%
I am Wonderful
8.7%
Don't know them
10.2%
Not a fan
29.6%
(G)-Idle
Like them
50.2%
I am Neverland
27%
Don’t know them
3%
Not a fan
18.3%
Wanna One
Like them
48.7%
I am WANNABLE
27.9%
Don't know them
4.3%
Not a fan
17.9%
KARD
Like them
47.7%
I am Hidden Kard
27.9%
Don’t know them
4.3%
Not a fan
18.7%
Monsta X
I am Monbebe
46.8%
Like them
39.1%
Don't know them
2.8%
Not a fan
10%
2NE1
Like them
44.3%
I am Blackjacks
20.9%
Don’t know them
5.5%
Not a fan
28.1%
Itzy
I am Midzy
37.2%
Like them
45.7%
Don't know them
2.1%
Not a fan
13.4%
KARA
Like them
37.2%
I am Kamilia
4%
Don't know them
23.4%
Not a fan
33.6%
WJSN
Like them
37%
I am Ujung
13%
Don't know them
18.3%
Not a fan
30.9%
Fromis_9
Like them
35.1%
I am Flover
11.3%
Dont know them
19.8%
Not a fan
32.3%
Lovelyz
Like them
30.4%
I am Lovelinus
6.6%
Don't know them
21.5%
Not a fan
39.8%
NCT
Like them
28.3%
I am NCTzen
61.1%
Don’t know them
1.7%
Not a fan
7.7%
Ateez
Like them
24.5%
I am Atiny
56%
Don't know them
6%
Not a fan
12.1%
T-ARA
Don’t know them
24%
I am Queens
4.3%
Like them
35.5%
Not a fan
35.3%
Btob
I am Melody
20.2%
Like them
53%
Don't know them
8.7%
Not a fan
17%
X1
Don't know them
16.4%
I am One It
22.6%
Like them
33.4%
Not a fan
26.4%
Dreamnote
Like them
16%
I am Page
4%
Don't know them
50.6%
Not a fan
28.1%
Infinite
Don’t know them
12.3%
I am Inspirit
16.4%
Like them
48.7%
Not a fan
20.6%
Ikon
Don't know them
1.9%
I am iKONIC
29.8%
Like them
53.6%
Not a fan
13.4%
Quiz Playlist
Details
Report
Send in Message
Add To Playlist
Multiple Choice:
Click on answers out of a set of options
Last Updated: Feb 18, 2020
Quiz Scoreboard
CHALLENGE
Sign Up to Join the Scoreboard
Show All
Scores
Hide
Comments
May contain spoilers
Recently Published
5x2 Blitz: Bands
by SL_Kpop136
Music
30s
Colored Red Africa Blitz
by spor1
Geography
30s
Find the 'City' Movie
by crazypaving
Movies
60s
More to Explore
Quiz From the Vault
Featured Blog Post
14 Easter Pick-up Lines to Find Eggs With
hide this ad
You Might Also Like...
Tags
Kpop Quiz
Kpop Group
Kpop Quiz
Today's Top Quizzes in Music
Browse Music
hide this ad
Today's Top Quizzes in Kpop
Browse Kpop
Top Contributed Quizzes in Music
1
5X2 Blitz: Bands II
2
Taylor Swift Logic Puzzle II
3
Taylor Swift All Songs (2024)
4
5X2 Blitz: The Beatles
5
5X2 Blitz: Billboard
6
5X2 Blitz: Singers
7
5X2 Blitz: Album
8
5X2 Blitz: Rock
9
Music Artist by Three 2010s hits
10
5X2 Blitz: Billboard II
Explore More
Trending Topics
Harry Potter
Anime
Disney
NBA
Crossword
Marvel
Kpop
Puzzle
The Office
Song
NFL
Country
Soccer
Pokémon
WWE
hide this ad
More By:
shoempie
Quiz
Plays
Rating
Category
Featured
Created
Kpop crossword puzzle
4,315
4.52
Music
Nov 26, 2019
Match the kpop group and the fandom II
3,694
5.00
Music
Nov 27, 2019
Hard BTS crossword
3,406
4.00
Music
Nov 19, 2019
Who is your kpop valentine *Logic Puzzle*
3,208
4.92
Music
Feb 13, 2020
HARD Kpop group Seventeen crossword
2,909
4.20
Music
Jan 27, 2020
Go to Creator's Profile
Score Distribution
Quiz Creator Spotlight
shoempie
Follow
Send a Message
Quizzes Created
-
Created Quiz Play Count
-
More By This Creator
Popular Quizzes Today
1
Find the 'City' Movie
2
Colored Red Africa Blitz
3
Find the US States - No Outlines Minefield
4
5x2 Blitz: Bands
5
The Countries of the World
6
Find the US States
7
US States
8
9x9 Crossword: Cartoon Network
More Music Quizzes
Taylor Swift's Speak Now Secret Messages
Quiz Lab
Trending Quizzes
Colored Red Europe Blitz I
Colored Red Africa Blitz II
Colored Red Europe Blitz II
Colored Red Europe Blitz III
Colored Red Africa Blitz III
Recently Updated
Famous TV Couples
Peacemaker
Champions League XIs: Real Madrid
pecheneg
Largest US Cities 1790-2010
pecheneg
Rides in Walt Disney World
pecheneg
Most Oscar Losses (Acting)
pecheneg
Beyoncé Albums
pecheneg
Leaping Animals
pecheneg
Reality TV Shows (A-Z)
bhenderson79
Rickey Henderson's Hall of Fame Teammates
pecheneg
Champions League XIs: Arsenal
pecheneg
Trending Topics
Disney
Kpop
Crossword
Anime
NBA
Harry Potter
Marvel
Pokémon
Song
NFL
Soccer
WWE
The Office
Puzzle
Country
Your Account Isn't Verified!
In order to create a playlist on Sporcle, you need to verify the email address you used during registration. Go to your
Sporcle Settings
to finish the process.
Report this User
Report this user for behavior that violates our
Community Guidelines
.
Details:
Send Report
Go to the Sporcle.com Mobile Site →
Comments